[Event "Chigorin Memorial"]
[Site "St Petersburg RUS"]
[Date "2012.10.28"]
[Round "2.78"]
[White "Areshchenko,A"]
[Black "Kamnev,Alexander"]
[Result "1-0"]
[WhiteElo "2710"]
[BlackElo "1885"]

1.e4 c5 2.Nf3 Nc6 3.Bb5 g6 4.Bxc6 dxc6 5.d3 Bg7 6.h3 Nf6 7.Nc3 Nd7 8.Be3 e5
9.Qd2 Qe7 10.Bh6 f6 11.Bxg7 Qxg7 12.Qe3 Qe7 13.Nd2 Nf8 14.f4 exf4 15.Qxf4 Ne6
16.Qf2 O-O 17.O-O-O b5 18.Rde1 Ba6 19.Rhf1 Rab8 20.Nd5 cxd5 21.exd5 Rb6 22.Rxe6 Rxe6
23.dxe6 c4 24.dxc4 bxc4 25.c3 Qxe6 26.Qxa7 Qc6 27.Re1 Bb7 28.Re7 Rf7 29.Rxf7 Kxf7
30.Nxc4 Qxg2 31.Qxb7+  1-0

[Event "Chigorin Memorial"]
[Site "St Petersburg RUS"]
[Date "2012.10.28"]
[Round "2.37"]
[White "Dolzhikova,K"]
[Black "Yevseev,D"]
[Result "1/2-1/2"]
[WhiteElo "2313"]
[BlackElo "2545"]

1.e4 c5 2.Nf3 Nc6 3.Bb5 d6 4.O-O Bd7 5.c3 Nf6 6.Re1 a6 7.Ba4 b5 8.Bc2 Bg4
9.a4 g6 10.h3 Bxf3 11.Qxf3 Rb8 12.axb5 axb5 13.Qd1 Qb6 14.d3 Bg7 15.Be3 Nd7
16.Nd2 O-O 17.Nf3 Ra8 18.Qd2 b4 19.d4 bxc3 20.bxc3 cxd4 21.cxd4 Qb4 22.Qd3 Nc5
23.Qd1 Rxa1 24.Qxa1 Nb3 25.Bxb3 Qxb3 26.Qa6 Nb8 27.Qa7 Qe6 28.Ng5 Qd7 29.Qxd7 Nxd7
30.Rb1 Nf6 31.e5 Nd5 32.exd6 exd6 33.Ne4 Nxe3 34.fxe3 Re8 35.Nxd6 Rxe3 36.Rb8+ Bf8
37.Rd8 Rd3 38.Ne4 Kg7 39.Kf2 Be7 40.Rd7 Kf8 41.Ke2  1/2-1/2

[Event "Chigorin Memorial"]
[Site "St Petersburg RUS"]
[Date "2012.10.29"]
[Round "3.20"]
[White "Matinian,N"]
[Black "Alsina Leal,D"]
[Result "1-0"]
[WhiteElo "2439"]
[BlackElo "2528"]

1.e4 c5 2.Nf3 Nc6 3.Bb5 Nf6 4.e5 Nd5 5.Nc3 Nc7 6.Bxc6 dxc6 7.d3 Bg4 8.h3 Bh5
9.Ne4 Ne6 10.Be3 b6 11.Qe2 Nd4 12.Bxd4 cxd4 13.e6 f6 14.g4 Bg6 15.Nh4 Qd5
16.f4 O-O-O 17.Ng3 Be8 18.Qe4 Qa5+ 19.Ke2 Kc7 20.Nf3 c5 21.f5 Bc6 22.Qf4+ Kb7
23.h4 g6 24.h5 gxf5 25.gxf5 Rg8 26.Rhg1 c4 27.dxc4 Qb4 28.Kf2 Qxb2 29.Ne2 Rxg1
30.Rxg1 d3 31.cxd3 Rxd3 32.Nd4 Rd2 33.Rg8 Bh6 34.Qb8+ Ka6 35.Qc8+ Bb7 36.Qd7 Qb4
37.Qb5+ Qxb5 38.cxb5+ Ka5 39.Nb3+ Kxb5 40.Nxd2 Bxd2 41.Rg7 h6 42.Rxe7 Be4
43.Rd7 Bb4 44.e7  1-0

[Event "Chigorin Memorial"]
[Site "St Petersburg RUS"]
[Date "2012.10.29"]
[Round "3.99"]
[White "Rudakov,A"]
[Black "Nikolova,A"]
[Result "1/2-1/2"]
[WhiteElo "2060"]
[BlackElo "2290"]

1.e4 c5 2.Nf3 Nc6 3.Bb5 d6 4.Bxc6+ bxc6 5.O-O Bg4 6.h3 Bh5 7.e5 e6 8.exd6 Bxd6
9.d3 h6 10.Nbd2 Nf6 11.Qe2 Rb8 12.Ne4 Be7 13.Nxf6+ gxf6 14.Qe4 Qd5 15.c4 Qd7
16.Ne5 Qc7 17.Nxc6 f5 18.Qe5 Qxe5 19.Nxe5 Bd6 20.Bf4 f6 21.Ng4 fxg4 22.Bxd6 Rc8
23.hxg4 Bxg4 24.b4 cxb4 25.Bxb4 Kf7 26.Rfe1 Bf5 27.Re3 Rhd8 28.Rd1 Rxc4 29.dxc4 Rxd1+
30.Re1 Rd4 31.Rc1 Bd3 32.Bc5 Rxc4 33.Rxc4 Bxc4 34.Bxa7 Bxa2 35.f4 h5 36.g3 Kg6
37.Kf2 Kf5 38.Bb8 Kg4 39.Bc7 Bd5 40.Bd6 Kf5 41.Bc7 Ke4 42.Bd8 Kf5 43.Bc7 Bc6
44.Bd6 Ke4 45.Be7 Bd7 46.Bd6 Bc8 47.Bc7 Bd7 48.Bd6 Ba4 49.Bc7 Bd1 50.Bd6 Bg4
51.Bc7 e5 52.fxe5 fxe5 53.Bb6 Kd3 54.Be3 Kc2 55.Bh6 Kd3 56.Bg5 e4 57.Bh6  1/2-1/2

[Event "16th OIBM 2012"]
[Site "Bad Wiessee GER"]
[Date "2012.10.30"]
[Round "4.14"]
[White "Lupor,S"]
[Black "Pap,M"]
[Result "0-1"]
[WhiteElo "2293"]
[BlackElo "2513"]

1.e4 c5 2.Nf3 Nc6 3.Bb5 g6 4.Bxc6 dxc6 5.d3 Bg7 6.h3 e5 7.Nc3 Qe7 8.Be3 Nf6
9.Qd2 h6 10.a3 b6 11.b4 Nd7 12.O-O cxb4 13.axb4 Qxb4 14.Rfb1 Qe7 15.Bxb6 Nxb6
16.Rxb6 axb6 17.Rxa8 O-O 18.Nd1 Be6 19.Rxf8+ Qxf8 20.Qc3 Qd6 21.Ne3 b5 22.Ng4 f6
23.Ne3 Bf8 24.Ng4 Bf7 25.Ne3 Qc5 26.Qxc5 Bxc5 27.Kf1 Be6 28.Ke2 h5 29.h4 Kf7
30.g3 Ke7 31.Ne1 Kd6 32.c3 Bb6 33.Nf3 Ba5 34.Kd2 Bb3 35.d4 Ba2 36.Kc2 Bb6
37.Nd1 exd4 38.Nxd4 Ke5 39.Nxc6+ Kxe4 40.Kd2 Kf3 41.Nd4+ Bxd4 42.cxd4 Bb3  0-1

[Event "Chigorin Memorial"]
[Site "St Petersburg RUS"]
[Date "2012.10.30"]
[Round "4.67"]
[White "Belenkaya,D"]
[Black "Annageldyev,O"]
[Result "0-1"]
[WhiteElo "2189"]
[BlackElo "2394"]

1.e4 c5 2.Nf3 Nc6 3.Bb5 e6 4.O-O Nge7 5.c4 a6 6.Ba4 g6 7.d4 cxd4 8.Nxd4 Bg7
9.Nxc6 Nxc6 10.Bxc6 dxc6 11.Qxd8+ Kxd8 12.Rd1+ Kc7 13.Nc3 b5 14.Be3 e5 15.Rac1 Kb7
16.a4 b4 17.Nb1 Be6 18.Nd2 Rad8 19.Nb3 Kc8 20.Bb6 Rxd1+ 21.Rxd1 Re8 22.Nc5 Bf8
23.Nxa6 Bxc4 24.Nc7 Re7 25.Rc1 Rd7 26.f3 Bb3 27.Ne8 Bxa4 28.Kf2 Rd2+ 29.Kg3 Rxb2
30.Ra1 b3 31.Rd1 Be7 32.Bc7 f6 33.f4 c5 34.Bd6 exf4+ 35.Kxf4 Bxd6+ 36.Nxd6+ Kc7
37.e5 fxe5+ 38.Kxe5 Re2+ 39.Kd5 b2 40.Rb1 Bc2 41.Rf1 Rd2+ 42.Kxc5 Rxd6  0-1

[Event "Chigorin Memorial"]
[Site "St Petersburg RUS"]
[Date "2012.10.30"]
[Round "4.27"]
[White "Dolzhikova,K"]
[Black "Goganov,A"]
[Result "1-0"]
[WhiteElo "2313"]
[BlackElo "2526"]

1.e4 c5 2.Nf3 Nc6 3.Bb5 d6 4.O-O Bd7 5.c3 Nf6 6.Re1 a6 7.Ba4 b5 8.Bc2 Bg4
9.a4 g6 10.axb5 axb5 11.Rxa8 Qxa8 12.Na3 b4 13.Nb5 Qa5 14.Ba4 Bd7 15.d4 bxc3
16.e5 dxe5 17.dxe5 Ng4 18.Bg5 Bg7 19.Nd6+ Kf8 20.Nxf7 Nd4 21.Bxd7 c2 22.Qd2 Qxd2
23.Bxd2 Kxf7 24.Ng5+ Kg8 25.Bxg4 Bh6 26.Be3 Kg7 27.f4 Bxg5 28.fxg5 Rb8 29.Bc1 Ra8
30.Kf2 Ra1 31.Bd2 Rb1 32.Be2 Nb3 33.Be3 Rxb2 34.Kf1 Rb1 35.Bd3 Rb2 36.Bc4 Na5
37.Bc1 Rb4 38.Bd3 c4 39.Bxc2 c3 40.Ke2 Rb8 41.Kd3 Rc8 42.Re4  1-0

[Event "Chigorin Memorial"]
[Site "St Petersburg RUS"]
[Date "2012.10.30"]
[Round "4.141"]
[White "Melnikov,N1"]
[Black "Mrykhin,Igor"]
[Result "0-1"]
[WhiteElo "1752"]
[BlackElo "2110"]

1.e4 c5 2.Nf3 Nc6 3.Bb5 g6 4.Bxc6 bxc6 5.O-O Bg7 6.d3 Rb8 7.c3 Nf6 8.Re1 O-O
9.Nbd2 d6 10.Nf1 Nd7 11.Ng3 Ne5 12.Nxe5 Bxe5 13.f4 Bg7 14.Qc2 Qb6 15.Kh1 a5
16.Rb1 Be6 17.c4 Rb7 18.f5 Bd7 19.b3 Be5 20.fxg6 hxg6 21.Bb2 Bd4 22.Ne2 Bxb2
23.Qxb2 a4 24.Qc2 Rfb8 25.Nc3 a3 26.Na4 Qb4 27.h3 f6 28.Rf1 Kg7 29.Qf2 Be6
30.Rbe1 Rh8 31.Re3 Rbb8 32.Kg1 Rh6 33.Rf3 g5 34.Qe1 Qxe1 35.Rxe1 g4 36.hxg4 Bxg4
37.Rg3 Rh4 38.Nc3 Kf7 39.Nb1 Ra8 40.Nd2 Ke6 41.Kf2 Kd7 42.Nf1 f5 43.exf5 Bxf5
44.Rge3 e5 45.Ng3 Rf4+ 46.Kg1 Bg6 47.Ne2 Rg4 48.g3 Kc7 49.Rf1 Bh5 50.Rf5 Rh8
51.Kg2 Rg7 52.Kf2 Bg4 53.Rf6 Rh1 54.Nc3 Rgh7 55.Re2 Rc1 56.Kg2 Bxe2 57.Nxe2 Rc2
58.Kf3 Rxa2 59.Nc3 Rc2  0-1

[Event "US Chess League 2012"]
[Site "ICC INT"]
[Date "2012.10.31"]
[Round "9"]
[White "Chase,C"]
[Black "Miller,Jake S"]
[Result "1/2-1/2"]
[WhiteElo "2315"]
[BlackElo "2089"]

1.e4 c5 2.Nf3 Nc6 3.Bb5 Nf6 4.e5 Nd5 5.O-O g6 6.Nc3 Nc7 7.Bxc6 dxc6 8.h3 Bg7
9.Re1 O-O 10.d3 Ne6 11.Ne4 b6 12.a4 Nd4 13.a5 Be6 14.c4 h6 15.Bf4 Qc7 16.Nxd4 cxd4
17.Qd2 Kh7 18.b4 Rfb8 19.Nf6+ Kh8 20.Re4 h5 21.Rxd4 Rd8 22.Rxd8+ Qxd8 23.Ne4 Qd4
24.Qc3 Qxc3 25.Nxc3 Rd8 26.axb6 axb6 27.Ne4 f6 28.Ra7 Rxd3 29.Rxe7 fxe5 30.Bg5 Bxc4
31.Re8+ Kh7 32.Be3 g5 33.Nxg5+ Kg6 34.Ne6 Bf6 35.Bxb6 Kf7 36.Nc7 Bd8 37.Rxe5 Rd7
38.Rc5 Be2 39.Rxc6 Be7 40.Be3 Rd1+ 41.Kh2 Bd6+ 42.f4 Bxb4 43.Ne6 Bd6 44.Ng5+ Ke8
45.Kg3 Bf1 46.Ne4 Be7 47.f5 Re1 48.Kf4 Bxg2 49.f6 Rf1+ 50.Ke5 Bxh3 51.Ra6 Rf5+
52.Kd4 Bg2 53.Re6 Bxe4 54.fxe7 Bb7 55.Kd3 Bc8 56.Re4 Rd5+ 57.Kc3 Bf5  1/2-1/2

[Event "ITT La Razon 2012"]
[Site "Villa Martelli ARG"]
[Date "2012.10.31"]
[Round "10.1"]
[White "Estrada Nieto,J"]
[Black "Lujan,C"]
[Result "1/2-1/2"]
[WhiteElo "2310"]
[BlackElo "2379"]

1.e4 c5 2.Nf3 Nc6 3.Bb5 e6 4.O-O Nge7 5.Re1 a6 6.Bf1 d5 7.exd5 Qxd5 8.b3 Nf5
9.Bd3 Be7 10.Be4 Qd6 11.Bb2 O-O 12.d3 Ncd4 13.Nbd2 Bf6 14.Nc4 Qc7 15.Bxf5 exf5
16.Nxd4 cxd4 17.a4 Be6 18.Qf3 Rad8 19.Ba3 Rfe8 20.Bb4 b6 21.Bd2 g6 22.Bf4 Qc5
23.Be5 Be7 24.Qb7 b5 25.axb5 axb5 26.Na5 Bd5 27.b4 Qxb4 28.Nc6 Qc5 29.Nxe7+ Rxe7
30.Ra8 Rde8 31.Rxe8+ Rxe8 32.Qa6 Bc6 33.Kf1 Rxe5 34.Rxe5 Bxg2+ 35.Kxg2 Qxe5
36.Qc8+ Kg7 37.Qd7 h5 38.h3 g5 39.Qd8 f4 40.Qd7 Kg6 41.Qc6+ Qe6 42.Qxb5 g4
43.hxg4 Qxg4+ 44.Kf1 f3 45.Qc6+ Kg7 46.Qd5 Qh3+ 47.Ke1 Qe6+ 48.Qxe6 fxe6
49.Kf1 Kf6 50.Kg1 Kf5 51.Kh2 Kg4 52.Kg1 e5 53.Kh2 Kh4 54.Kg1 Kh3 55.Kh1 Kh4
56.Kh2 Kg4 57.Kg1 Kf4 58.Kh2 e4 59.dxe4 Kxe4 60.Kg3 Kd5 61.Kxf3 Kc4 62.Kg2 Kd5
63.Kg3 Ke4 64.Kh4 Kf3 65.Kxh5 Kxf2 66.Kg4 Ke3 67.Kf5 Kd2 68.Ke4 Kxc2 69.Kxd4  1/2-1/2

[Event "Chigorin Memorial"]
[Site "St Petersburg RUS"]
[Date "2012.11.01"]
[Round "6.70"]
[White "Pershin,Denis"]
[Black "Mikhailov,Vi"]
[Result "1/2-1/2"]
[WhiteElo "2100"]
[BlackElo "2326"]

1.e4 c5 2.Nf3 Nc6 3.Bb5 g6 4.Bxc6 dxc6 5.h3 Bg7 6.O-O Nf6 7.Re1 O-O 8.d3 h6
9.Be3 c4 10.e5 Nd5 11.dxc4 Nxe3 12.Qxd8 Rxd8 13.fxe3 g5 14.Kf2 g4 15.hxg4 Bxg4
16.Rh1 Bxf3 17.gxf3 Bxe5 18.c3 Rd6 19.c5 Rg6 20.f4 Bg7 21.Nd2 Rd8 22.Nf3 Kf8
23.Rad1 Ke8 24.a4 Rxd1 25.Rxd1 e6 26.Nd2 Bf6 27.Nc4 Bh4+ 28.Kf1 Rg3 29.Rd2 Be7
30.b4 Rh3 31.Kg2 Rh5 32.Na5 Rd5 33.Rxd5 exd5 34.Nxb7 Kd7 35.Kf3 Bf6 36.Nd6 Bxc3
37.Nxf7 Bxb4 38.Nxh6 Bxc5 39.e4 Bf8 40.Nf5 dxe4+ 41.Kxe4 Kc7 42.Kd4 Kb6 43.Kc4 Ka5  1/2-1/2

[Event "Chigorin Memorial"]
[Site "St Petersburg RUS"]
[Date "2012.11.01"]
[Round "6.117"]
[White "Belenkaya,D"]
[Black "Kharchenko,Da"]
[Result "1-0"]
[WhiteElo "2189"]
[BlackElo "2039"]

1.e4 c5 2.Nf3 Nc6 3.Bb5 g6 4.O-O Bg7 5.Re1 Nd4 6.Ba4 e6 7.Nc3 Ne7 8.Nxd4 cxd4
9.Nb5 O-O 10.c3 Nc6 11.d3 a6 12.Nxd4 Nxd4 13.cxd4 Bxd4 14.Bb3 b5 15.Qg4 Qf6
16.Re2 Bb7 17.Bh6 Rfe8 18.Rae1 d6 19.Bc1 Rac8 20.Kh1 a5 21.Bg5 Qg7 22.f4 Bf6
23.Qh4 Bxg5 24.fxg5 a4 25.Bd1 e5 26.Rf2 d5 27.Bf3 Rc5 28.exd5 Bxd5 29.d4 Bxf3
30.dxc5 Bd5 31.Qb4 Bc6 32.Rf6 Re6 33.Rxe6 fxe6 34.Qa5 Qf7 35.Qd8+ Kg7 36.Qd6 Bd5
37.Qxe5+ Kg8 38.Kg1 Qe8 39.Qxd5  1-0

[Event "16th OIBM 2012"]
[Site "Bad Wiessee GER"]
[Date "2012.11.02"]
[Round "7.15"]
[White "Buchal,S"]
[Black "Gutman,L"]
[Result "0-1"]
[WhiteElo "2300"]
[BlackElo "2466"]

1.e4 c5 2.Nf3 Nc6 3.Bb5 g6 4.O-O Bg7 5.c3 Nf6 6.e5 Nd5 7.d4 cxd4 8.cxd4 O-O
9.Nc3 Nc7 10.Bf4 Nxb5 11.Nxb5 a6 12.Nc3 d6 13.exd6 Bg4 14.d5 Nd4 15.Qe1 Nxf3+
16.gxf3 e5 17.dxe6 Bxf3 18.Bg3 fxe6 19.Qxe6+ Kh8 20.Rfe1 Qg5 21.Re3 Rad8
22.Rae1 Bc6 23.h3 Bd4 24.Qg4 Qxg4 25.hxg4 Bxe3 26.Rxe3 Rde8 27.Re7 Rxe7 28.dxe7 Re8
29.Be5+ Kg8 30.Bf6 Kf7 31.g5 Rc8 32.f4 h5 33.Kh2 b5 34.a3 a5 35.Nd1 Bd7 36.Nc3 h4
37.Ne4 Rc2+ 38.Kg1 Ke6 39.b4 axb4 40.axb4 Bc6 41.Nc5+ Kf7 42.Nd3 h3 43.Ne5+ Ke8
44.Nxc6 Rxc6  0-1

[Event "22nd Caen Alekhine Open A"]
[Site "Caen FRA"]
[Date "2012.11.02"]
[Round "3.4"]
[White "Jolly,J"]
[Black "Chaplain,F"]
[Result "0-1"]
[WhiteElo "2401"]
[BlackElo "2132"]

1.e4 c5 2.Nf3 Nc6 3.Bb5 g6 4.Bxc6 dxc6 5.h3 e5 6.d3 f6 7.Nh2 Nh6 8.Nc3 Nf7
9.f4 exf4 10.Bxf4 Bg7 11.O-O O-O 12.Kh1 Be6 13.Qd2 Qd7 14.Nf3 Rad8 15.Rae1 b6
16.Bg3 Rde8 17.a3 h6 18.Nh4 Kh7 19.Ne2 Nd6 20.Qf4 Nb5 21.Qf2 Nd4 22.Nxd4 cxd4
23.Bh2 c5 24.Qg3 Bf7 25.b4 Re6 26.Rb1 Rc8 27.bxc5 Rxc5 28.Qf2 Rec6 29.Nf3 Rxc2
30.Qxd4 Qe7 31.Qa4 R6c3 32.Nd4 Rd2 33.Nb5 Rcxd3 34.Rbc1 Be8 35.Rc7 Bxb5 36.Qxb5 Qxe4
37.Rg1 Rxh3 38.Rc4 Qe2 39.Qb4 Rd1 40.Re4 Qh5  0-1

[Event "TCh-NOR Eliteserien 2012-13"]
[Site "Haraldsheim NOR"]
[Date "2012.11.02"]
[Round "6"]
[White "Koskela,N"]
[Black "Borchgrevink,H"]
[Result "1/2-1/2"]
[WhiteElo "2211"]
[BlackElo "2280"]

1.e4 c5 2.Nf3 Nc6 3.Bb5 g6 4.Bxc6 dxc6 5.d3 Bg7 6.h3 e5 7.Be3 Qe7 8.Nbd2 Nf6
9.Nc4 Nd7 10.O-O O-O 11.Qd2 b6 12.Bh6 Ba6 13.Bxg7 Kxg7 14.Qc3 Bxc4 15.Qxc4 Rfe8
16.Qc3 f6 17.Nh2 Qd6 18.b3 Nf8 19.Qd2 Ne6 20.Ng4 Rf8 21.Qh6+ Kh8 22.Rae1 Rae8
23.Ne3 Qd7 24.g3 Qg7 25.Qxg7+ Kxg7 26.Kg2 Nd4  1/2-1/2

[Event "Chigorin Memorial"]
[Site "St Petersburg RUS"]
[Date "2012.11.03"]
[Round "8.104"]
[White "Tseitlin,Ma"]
[Black "Pershina,E"]
[Result "1-0"]
[WhiteElo "2390"]
[BlackElo "2122"]

1.e4 c5 2.Nf3 Nc6 3.Bb5 g6 4.Bxc6 dxc6 5.d3 Bg7 6.h3 Nf6 7.Nc3 Nd7 8.Be3 e5
9.Qd2 Qe7 10.Bh6 f6 11.Bxg7 Qxg7 12.Nh2 Nf8 13.f4 exf4 14.Qxf4 Ne6 15.Qd2 Bd7
16.Nf3 O-O 17.g4 Rad8 18.O-O-O b5 19.Ne2 a5 20.Rdg1 h6 21.h4 a4 22.Ng3 a3
23.Nf5 axb2+ 24.Kb1 Qh8 25.Nxh6+ Kg7 26.g5 f5 27.exf5 gxf5 28.h5 Nd4 29.Nxd4 cxd4
30.Qb4 Kh7 31.Qe7+ Qg7 32.g6+ Kh8 33.Nf7+ Kg8 34.h6  1-0

[Event "TCh-AUT 2012-13"]
[Site "Hohenems AUT"]
[Date "2012.11.04"]
[Round "3.5"]
[White "Ennsberger,U"]
[Black "Breder,D"]
[Result "0-1"]
[WhiteElo "2368"]
[BlackElo "2438"]

1.e4 c5 2.Nf3 Nc6 3.Bb5 g6 4.Bxc6 bxc6 5.O-O Bg7 6.d3 e5 7.a3 a5 8.a4 Ne7
9.Nbd2 d6 10.Nc4 f5 11.Bg5 f4 12.h3 Be6 13.Ra3 h6 14.Bxe7 Qxe7 15.Re1 g5
16.Nh2 h5 17.f3 Kf7 18.Rb3 Ra7 19.Qe2 Bf6 20.c3 Qc7 21.Ra3 Rb7 22.Ra2 Kg7
23.Raa1 Re8 24.Rad1 Rbb8 25.Rd2 Re7 26.Qd1 Kh8 27.Rf1 Rg7 28.Qe1 Rbg8 29.g4 Rh7
30.Rg2 Rb8 31.Rff2 Kg7 32.Qd1 Kg6 33.Qc2 hxg4 34.hxg4 Rbh8 35.Qb3 d5 36.Nd2 c4
37.Qc2 cxd3 38.Qxd3 Kg7 39.Qa6 Bc8 40.Qd3 Qb6 41.Ndf1 Ba6 42.Qc2 Be7 43.exd5 cxd5
44.Qf5 Qf6 45.Qd7 Qd6 46.Qf5 Rf8 47.Qb1 Qg6 48.Qd1 Bd3 49.Rd2 e4 50.Rxd3 exd3
51.Rd2 Rfh8 52.Rxd3 Qb6+ 53.Kg2 Qh6 54.Rxd5 Qxh2+  0-1

[Event "TCh-HUN 2012-13"]
[Site "Mako HUN"]
[Date "2012.11.04"]
[Round "3"]
[White "Horvath,Zs"]
[Black "Roganovic,Milo"]
[Result "1-0"]
[WhiteElo "2400"]
[BlackElo "2518"]

1.e4 c5 2.Nf3 Nc6 3.Bb5 g6 4.O-O Bg7 5.Re1 Nf6 6.e5 Nd5 7.Nc3 Nc7 8.Bxc6 dxc6
9.Ne4 Ne6 10.d3 h6 11.Bd2 b6 12.Qc1 Qc7 13.Bc3 Bb7 14.Nf6+ Kf8 15.Ne4 Kg8
16.a4 a5 17.Qe3 Rd8 18.Ng3 h5 19.h4 Bh6 20.Qe4 Nd4 21.Bxd4 cxd4 22.e6 f5
23.Qe5 Qc8 24.Ng5 Bxg5 25.hxg5 Rd6 26.Ne2 c5 27.Nf4 Kh7 28.Nxh5 Qf8 29.Nf6+  1-0

[Event "TCh-HUN 2012-13"]
[Site "Paks HUN"]
[Date "2012.11.04"]
[Round "3"]
[White "Acs,Peter"]
[Black "Konnyu,J"]
[Result "1/2-1/2"]
[WhiteElo "2586"]
[BlackElo "2328"]

1.e4 c5 2.Nf3 Nc6 3.Bb5 Nf6 4.Nc3 g6 5.Bxc6 dxc6 6.h3 Bg7 7.d3 Nd7 8.Be3 e5
9.Qd2 Qe7 10.Bh6 Bxh6 11.Qxh6 f6 12.Nd2 Nf8 13.Ne2 Ne6 14.f4 Nd4 15.Nxd4 exd4
16.O-O Bd7 17.e5 f5 18.Nc4 O-O-O 19.Qg5 Qxg5 20.fxg5 Be6 21.Nd6+ Kc7 22.a3 a5
23.a4 h6 24.gxh6 Rxh6 25.Rf3 Rh5 26.Re1 Rg8 27.c4 b6 28.Kf2 Kd7 29.Re2 Rgh8
30.Ke1 Ke7 31.Kd2 Rf8 32.Ref2 Rfh8 33.Rg3 Rg8 34.Rf4 Bd7 35.Rf1 Ke6 36.Re1 f4
37.Rf3 Rf8 38.Ne4 Rxe5 39.g3 Ref5 40.gxf4 Rxf4 41.Nf6+ Kxf6 42.Rxf4+ Bf5
43.Rh4 Rb8 44.b3 b5 45.cxb5 cxb5 46.axb5 Rxb5 47.Kc2 a4 48.bxa4 Rb4 49.Ra1 Kg5
50.Rg4+ Bxg4 51.hxg4 c4 52.dxc4 Rxc4+ 53.Kd3 Rc8 54.a5 Kxg4 55.a6 g5 56.Kxd4 Kf3
57.a7 Ra8 58.Ke5 Kg4 59.Kf6 Rf8+ 60.Ke5 Re8+ 61.Kd5 Ra8 62.Kc6 Kf3 63.Kb7 Rxa7+
64.Rxa7 g4 65.Kc6 g3 66.Ra3+ Kf2 67.Ra2+ Kf3 68.Kd5 g2 69.Ra1 Kf2 70.Ke4 g1=Q
71.Rxg1 Kxg1  1/2-1/2

[Event "Chigorin Memorial"]
[Site "St Petersburg RUS"]
[Date "2012.11.04"]
[Round "9.92"]
[White "Aminov,Andrey"]
[Black "Mirzoeva,E"]
[Result "0-1"]
[WhiteElo "2147"]
[BlackElo "2283"]

1.e4 c5 2.Nf3 Nc6 3.Bb5 d6 4.Bxc6+ bxc6 5.O-O Bg4 6.h3 Bxf3 7.Qxf3 e6 8.e5 d5
9.d3 Ne7 10.c4 Nf5 11.Nc3 Be7 12.b3 O-O 13.Na4 f6 14.Bb2 fxe5 15.Bxe5 Bd6
16.Rae1 Bxe5 17.Rxe5 Qd6 18.Rfe1 Rf6 19.Qe2 Nd4 20.Qg4 Raf8 21.Rg5 R8f7 22.f3 Rxf3
23.Nc3 Rf2 24.h4 Nf3+ 25.Kxf2 Nh2+ 26.Kg1 Nxg4 27.Rxg4 Rf4  0-1

[Event "Subzonal 2.3 2012"]
[Site "Pamplona COL"]
[Date "2012.11.05"]
[Round "2.10"]
[White "Hernandez,Ja"]
[Black "Ruiz,Al"]
[Result "1-0"]
[WhiteElo "2348"]
[BlackElo "2198"]

1.e4 c5 2.Nf3 Nc6 3.Bb5 g6 4.O-O Bg7 5.Re1 Nf6 6.c3 O-O 7.h3 d5 8.e5 Ne8
9.d4 cxd4 10.cxd4 Qb6 11.Nc3 Nc7 12.Bf1 a6 13.Be3 Rd8 14.Qd2 Ne6 15.g3 Rd7
16.Rad1 Qd8 17.h4 Bxe5 18.Bh3 Bf6 19.Bxe6 fxe6 20.Bf4 Qf8 21.Na4 Rd8 22.Ne5 Bxe5
23.Bxe5 Nxe5 24.Rxe5 Rd6 25.Nc5 b6 26.Nd3 Bd7 27.h5 Be8 28.Rc1 Qf6 29.Kg2 Rc6
30.hxg6 hxg6 31.Rxc6 Bxc6 32.Nf4 Bd7 33.Nxg6 Kf7 34.Rg5 Qxg6 35.Rxg6 Kxg6
36.Qb4 Kf7 37.Qxb6 Bb5 38.a4 Bxa4 39.Qb7 Rf8 40.Qxa6 Bc2 41.b4 Rb8 42.Qe2 Ba4
43.Qh5+ Kg8 44.Qg5+  1-0

[Event "Subzonal 2.3 2012"]
[Site "Pamplona COL"]
[Date "2012.11.07"]
[Round "5.1"]
[White "Escobar Forero,A"]
[Black "Zapata,Alo"]
[Result "1/2-1/2"]
[WhiteElo "2469"]
[BlackElo "2470"]

1.e4 c5 2.Nf3 Nc6 3.Bb5 g6 4.O-O Bg7 5.Re1 e5 6.Na3 Nge7 7.Nc4 d6 8.b4 O-O
9.Bxc6 Nxc6 10.b5 Ne7 11.d3 h6 12.c3 f5 13.Bb2 Be6 14.Nfd2 Qd7 15.a4 f4 16.d4 g5
17.f3 Ng6 18.d5 Bf7 19.h3 h5 20.Nf1 Bf6 21.Nh2 Kg7 22.Bc1 Rh8 23.Ra2 Rag8
24.Kf1 Nh4 25.Rf2 Kf8 26.Qd3 Ke7 27.Ba3 Qc8 28.Ree2 Be8 29.Ke1 Bd7 30.Kd2 g4
31.fxg4 hxg4 32.Nxg4 Bxg4 33.hxg4 Rxg4 34.Kc2 Rhg8 35.Qd2 R8g7 36.b6 a6 37.Kb3 Qg8
38.Na5 Kd8 39.Qd3 Kc8 40.Qh3 Rh7 41.Nc4 Kd7 42.Ne3 fxe3 43.Rxf6 Nxg2 44.Qf3 Rf4
45.Rxf4 Nxf4 46.Rxe3 Rh3 47.Qf2 Rxe3 48.Qxe3 Qg2 49.Bc1 c4+ 50.Kxc4 Qc2 51.Kb4 Qxc1
52.Qg3 Nxd5+ 53.exd5 Qf4+ 54.Qxf4 exf4 55.Kc4 Ke7 56.Kd4 Kf6 57.Ke4 f3 58.Kxf3 Ke5
59.Kg4 Kxd5 60.Kf5 a5 61.Kf6 Kc6 62.Ke7 d5 63.Ke6 Kc5 64.Kd7 Kxb6 65.Kd6 Ka6
66.Kc5 b5 67.axb5+ Kb7 68.Kxd5 a4 69.Kc4 Kb6 70.Kb4 a3 71.Kxa3 Kxb5  1/2-1/2

[Event "Subzonal 2.3 2012"]
[Site "Pamplona COL"]
[Date "2012.11.07"]
[Round "6.22"]
[White "Nunez V,G"]
[Black "Casas,Julio Eduardo"]
[Result "1-0"]
[WhiteElo "2263"]
[BlackElo "2012"]

1.e4 c5 2.Nf3 Nc6 3.Bb5 a6 4.Bxc6 bxc6 5.O-O d5 6.d3 g6 7.Qe2 Bg7 8.h3 h6
9.Nc3 Be6 10.e5 g5 11.Na4 Qa5 12.b3 g4 13.Nh4 h5 14.Bd2 Qb5 15.c4 Qb8 16.Rae1 gxh3
17.g3 Qc7 18.Be3 d4 19.Bc1 Bg4 20.f3 Be6 21.Ba3 Bh6 22.f4 Bg4 23.Qe4 Qd7
24.Bxc5 Rc8  1-0

[Event "Subzonal 2.3 2012"]
[Site "Pamplona COL"]
[Date "2012.11.07"]
[Round "6.8"]
[White "Hernandez,Ja"]
[Black "Lopez,CM CUB"]
[Result "1/2-1/2"]
[WhiteElo "2348"]
[BlackElo "2300"]

1.e4 c5 2.Nf3 Nc6 3.Bb5 g6 4.Bxc6 bxc6 5.O-O Bg7 6.Re1 e5 7.d3 Ne7 8.Be3 d6
9.c3 O-O 10.d4 cxd4 11.cxd4 Bg4 12.dxe5 Bxe5 13.Nc3 Rb8 14.Qd2 Bxf3 15.gxf3 Qd7
16.Bd4 Qh3 17.Bxe5 dxe5 18.Qe2 Rfd8 19.Rad1 Rd4 20.b3 Rbd8 21.Rxd4 exd4 22.Qd3 g5
23.Kh1 Ng6 24.Rg1 h6 25.Rg3 Nf4 26.Qd2 Qe6 27.Ne2 Nxe2 28.Qxe2 d3 29.Qd2 Qe5
30.h4 f6 31.Kg2 Rd7 32.hxg5 hxg5 33.f4 Qxe4+ 34.f3 Qd4 35.fxg5 f5 36.f4 c5
37.Re3 c4 38.bxc4 Qxc4 39.Qb2 Qc2+ 40.Qxc2 dxc2 41.Re8+ Kf7 42.Rc8 Rd2+ 43.Kf3 Ke6
44.Ke3 Rg2 45.Kd3 Rf2 46.Rxc2  1/2-1/2

[Event "WY GU18 2012"]
[Site "Maribor SLO"]
[Date "2012.11.08"]
[Round "1.36"]
[White "Jorquera Cabello,V"]
[Black "Agulhas,Tiffany"]
[Result "1/2-1/2"]
[WhiteElo "2023"]
[BlackElo "1551"]

1.e4 c5 2.Nf3 Nc6 3.Bb5 Nd4 4.Nxd4 cxd4 5.d3 Qa5+ 6.c3 Qxb5 7.cxd4 e6 8.O-O Nf6
9.Nc3 Qa5 10.e5 Nd5 11.Ne4 h5 12.Qf3 Qc7 13.Bg5 d6 14.Rfe1 dxe5 15.Rac1 Qd7
16.dxe5 b6 17.Qg3 Ba6 18.a3 Bb7  1/2-1/2

[Event "WY GU16 2012"]
[Site "Maribor SLO"]
[Date "2012.11.08"]
[Round "1.42"]
[White "Zavgorodniaya,A"]
[Black "Dobrovoljc,Andreja"]
[Result "1-0"]
[WhiteElo "1952"]
[BlackElo "1597"]

1.e4 c5 2.Nf3 Nc6 3.Bb5 a6 4.Bxc6 bxc6 5.O-O g6 6.c3 Bg7 7.h3 Nf6 8.e5 Nd5
9.c4 Nb6 10.b3 O-O 11.Nc3 d5 12.exd6 exd6 13.Ba3 Re8 14.Rc1 Bb7 15.Ne2 Rc8
16.d4 cxd4 17.c5 dxc5 18.Bxc5 d3 19.Ned4 Nd5 20.Qxd3 Nf4 21.Qd2 Ne2+ 22.Nxe2 Qxd2
23.Nxd2 Rxe2 24.Be3 a5 25.Rfd1 Rd8 26.Kf1 Ba6 27.Nc4 Rxd1+ 28.Rxd1 Rxe3 29.Rd8+ Bf8
30.fxe3 Kg7 31.Kf2 Bxc4 32.bxc4 Bb4 33.Rc8 c5 34.Kf3 Kf6 35.Ke4 Ke6 36.Rc6+ Kd7
37.Kd5 f5 38.Rxc5 Bxc5 39.Kxc5 Kc7 40.Kb5 a4 41.Kxa4 Kc6 42.Kb4 Kb6 43.a4 Ka6
44.Kc5 Kb7 45.Kd6 Kc8 46.a5 Kb7 47.c5 Kb8 48.c6 Ka8 49.c7 Kb7 50.Kd7  1-0

[Event "WY GU18 2012"]
[Site "Maribor SLO"]
[Date "2012.11.08"]
[Round "1.32"]
[White "Sop,S"]
[Black "Tuzi,Bruna"]
[Result "1/2-1/2"]
[WhiteElo "2038"]
[BlackElo "1598"]

1.e4 c5 2.Nf3 Nc6 3.Bb5 g6 4.O-O Bg7 5.Re1 Nd4 6.Nxd4 cxd4 7.c3 e6 8.Na3 Ne7
9.Nc2 a6 10.Bf1 Nc6 11.Qf3 O-O 12.a4 d6 13.b4 Qf6 14.Qxf6 Bxf6 15.Ra3 Rd8
16.b5 axb5 17.axb5 Rxa3 18.Bxa3 Na5 19.cxd4 Nb3 20.Bb2 Nxd2 21.Bd3 Nb3 22.Bc3 e5
23.d5 Bd7 24.Bb4 Be7 25.Rb1 Nc5 26.Bxc5 dxc5 27.b6 Ra8 28.Ne3 Ra3 29.Bf1 Ra4
30.Nc4 f6 31.Bd3 Rb4 32.Rxb4 cxb4 33.Na5 Bc8 34.Bc4 Bc5 35.Nc6 Kf8 36.Na5 Bxb6
37.Nb3 Bd7 38.Kf1 Ke7 39.Ke2 Ba4 40.f3 Bxb3 41.Bxb3 Bd4 42.Kd3 b5 43.Bd1 Kd6
44.Bb3 Ke7  1/2-1/2

[Event "WY BU14 2012"]
[Site "Maribor SLO"]
[Date "2012.11.09"]
[Round "2.61"]
[White "Lee,Deon"]
[Black "Ali,Abdulaziz"]
[Result "1-0"]
[WhiteElo "1842"]
[BlackElo "1646"]

1.e4 c5 2.Nf3 Nc6 3.Bb5 d6 4.d4 cxd4 5.Nxd4 Bd7 6.Bxc6 bxc6 7.O-O g6 8.Re1 Bg7
9.c3 c5 10.Nf3 Bc6 11.Nbd2 Qc7 12.Qe2 Qb7 13.Rb1 Bb5 14.c4 Bc6 15.b3 Nh6
16.h3 f6 17.Bb2 Qa6 18.Bc3 Nf7 19.Nf1 Rb8 20.N3d2 Bh6 21.Ne3 O-O 22.Nd5 Rb7
23.Nf1 Kg7 24.Nh2 Rh8 25.Ng4 Bg5 26.g3 h5 27.Nh2 h4 28.g4 Bh6 29.Rf1 Ng5
30.Kg2 Ne6 31.Qc2 Bxd5 32.exd5 Nf4+ 33.Kh1 Nxh3 34.Rbe1 Bf4 35.Re4 Bxh2 36.Kxh2 Ng5
37.Re3 Qb6 38.f4 Nf7 39.g5 Qd8 40.Re6 Rg8 41.gxf6+ Kf8 42.Rfe1 exf6 43.Bxf6 Qc8
44.Qe4  1-0

[Event "WY BU14 2012"]
[Site "Maribor SLO"]
[Date "2012.11.09"]
[Round "2.30"]
[White "Bayramov,Zaur"]
[Black "Blahynka,M"]
[Result "0-1"]
[WhiteElo "1941"]
[BlackElo "2153"]

1.e4 c5 2.Nf3 Nc6 3.Bb5 g6 4.c3 Nf6 5.Qe2 Bg7 6.O-O O-O 7.d4 cxd4 8.cxd4 d5
9.e5 Ne4 10.Nc3 Nxc3 11.bxc3 Na5 12.Ba3 Bd7 13.Bb4 Nc6 14.Bxc6 Bxc6 15.e6 f6
16.Rfb1 b6 17.Rb2 Qc7 18.Qd2 Rfc8 19.Rc1 Bb7 20.Ba3 Ba6 21.Qe3 Rab8 22.Nd2 Qc6
23.f4 Rc7 24.g4 Kh8 25.f5 gxf5 26.gxf5 Rg8 27.Kh1 Qe8 28.Qf4 Rb7 29.Nf3 Qh5
30.Rg1 Bd3 31.Rf2 Bxf5 32.Ng5 Bg6 33.Nf7+ Bxf7 34.exf7 Qxf7 35.Rfg2 e5 36.Qf5 Qe8
37.Rg4 Qd7 38.Qh5 Qf7 39.Qf5 Qd7 40.Qh5 f5 41.Rg5 exd4 42.Bc1 Qe8 43.cxd4 Qxh5
44.Rxh5 Bxd4 45.Rd1 Rbg7 46.Rg5 Rxg5 47.Bxg5 Rxg5 48.Rxd4 Rg4 49.Rxd5 Ra4
50.Rxf5 Rxa2 51.h4 Rb2 52.h5 Kg7 53.Rd5 a5 54.Rd6 a4 55.h6+ Kf7 56.Rd7+ Kg6  0-1